Zlatá generácia: Rozlúčka bez fanfár /

Na minha lista:
Detalhes bibliográficos
Autor principal: Zerer, Anton a kol (Author)
Formato: Livro
Idioma:eslovaco
Publicado em: Bratislava FORTUNA LIBRI SK, s.r.o. 2011
Tags: Adicionar Tag
Sem tags, seja o primeiro a adicionar uma tag!

MARC

LEADER 00000nam a22000003a 4500
001 0101188
003 SK-STU
005 20230403110623.1
007 ta
008 230403s ----xo-----e------000-0-----d
020 |a 978-80-89379-66-8 
040 |a STU  |b slo 
041 0 |a slo 
044 |a xo 
100 1 |a Zerer, Anton a kol.  |4 aut 
245 1 0 |a Zlatá generácia: Rozlúčka bez fanfár /  |c aut. Anton a kol Zerer 
260 |a Bratislava  |b FORTUNA LIBRI SK, s.r.o.  |c 2011 
300 |a 94 s. 
996 |c I* 4SOA13859  |l I  |s A  |a 24  |w 0101188_0001